Statistics for Iron Maiden albums

Click here to take the quiz!

General Stats

  • This quiz has been taken 288 times
    (173 since last reset)
  • The average score is 14 of 17

Answer Stats

YearAlbum Title% Correct
1980Iron Maiden
97%
1982The Number of the Beast
97%
1992Fear of the Dark
95%
1984Powerslave
95%
1981Killers
94%
1983Piece of Mind
90%
1986Somewhere in Time
90%
1988Seventh Son of a Seventh Son
86%
2015The Book of Souls
82%
2000Brave New World
81%
2021Senjutsu
81%
2003Dance of Death
80%
1998Virtual XI
76%
1995The X Factor
75%
2010The Final Frontier
74%
1990No Prayer for the Dying
72%
2006A Matter of Life and Death
70%

Score Distribution

Percentile by Number Answered

Percent of People with Each Score

Your Score History

You have not taken this quiz since the last reset